| 000 -CABECERA |
| fixed length control field |
01983nam a22003017a 4500 |
| 003 - IDENTIFICADOR DEL NÚMERO DE CONTROL |
| control field |
AR-CdUCM |
| 008 - DATOS DE LONGITUD FIJA--INFORMACIÓN GENERAL |
| fixed length control field |
190425b ||||| |||| 00| 0 spa d |
| 040 ## - FUENTE DE LA CATALOGACIÓN |
| Agencia/entidad que catalogó originalmente la obra |
MUNICIPALIDAD PROVINCIAL DEL CUSCO |
| Entidad que transcribió la catalogación |
BIBLIOTECA MUNICIPAL DEL CUSCO |
| 082 ## - NÚMERO DE LA CLASIFICACIÓN DECIMAL DEWEY |
| No. de Clasificación |
Rev.Letras/N°1/1948 |
| 110 ## - ENTRADA PRINCIPAL--NOMBRE DE ENTIDAD CORPORATIVA |
| Nombre de la institución, jurisdicción como entrada principal |
Universidad Nacional del Cuzco |
| 9 (RLIN) |
23977 |
| 245 ## - MENCIÓN DE TÍTULO |
| Título |
Revista Letras : |
| Resto del título |
órgano de la facultad de Letras de la Universidad Nacional del Cuzco / |
| 260 ## - PUBLICACIÓN, DISTRIBUCIÓN, ETC. |
| Lugar de publicación, distribución, etc. |
Cusco : |
| Nombre de la editorial, distribuidor, etc. |
H.G. Rozas, |
| Fecha de publicación, distribución, etc. |
1948. |
| 300 ## - DESCRIPCIÓN FÍSICA |
| Nº de Páginas Extensión |
284 páginas. : |
| Dimensiones |
22 cm. |
| 440 ## - MENCIÓN DE SERIE/PUNTO DE ACCESO ADICIONAL--TÍTULO |
| Título |
Universidad del Cuzco. |
| Número de la parte/sección de una obra |
Año 1, Primer semestre de 1948. N°1 |
| 9 (RLIN) |
46811 |
| 505 ## - NOTA DE CONTENIDO CON FORMATO |
| Nota de contenido formateada |
Contenido: Justo Sierra maestro de México y América. Luis Velasco Aragón. -- Marcelino Menedez y Pelayo. José Gabriel Cosio. -- Manuel Gonzales Prada periodista, Eulogio Tapia Olarte. -- Ollantaytampu y Ollantay una nueva versión del drama. Alfredo Yépez Miranda. -- San Martín legislador. Jorge Cornejo Bouroncle. -- Algo de nuestra historia sobre la Universidad. Julián Santisteban Ochoa. -- La acción trascendente de los héroes nacionales. Abraham Vizcarra Rozas. -- Los supuestos restos de los conquistadores encontrados en el templo de la Merced del Cuzco. Sergio Quevedo A. -- Homenaje póstumo al doctor Julio C. Tello. Luis A. Pardo. -- Influencia del Altiplano en la música Argentina. Gastón O. Telamón. -- Las adivinanzas quechuas. Víctor Navarro del Águila. -- El río en el folklore. Edmundo Delgado Vivanco. -- Juan del Valle y Caviedes. Gustavo Pérez Ocampo.<br/> |
| 650 ## - PUNTO DE ACCESO ADICIONAL DE MATERIA--TÉRMINO DE MATERIA |
| Descriptor |
Narrativa cusqueña |
| 9 (RLIN) |
10453 |
| 650 ## - PUNTO DE ACCESO ADICIONAL DE MATERIA--TÉRMINO DE MATERIA |
| Descriptor |
Escritores cusqueños |
| 9 (RLIN) |
10661 |
| 650 ## - PUNTO DE ACCESO ADICIONAL DE MATERIA--TÉRMINO DE MATERIA |
| Descriptor |
Literatura cusqueña |
| 9 (RLIN) |
46804 |
| 700 ## - PUNTO DE ACCESO ADICIONAL--NOMBRE DE PERSONA |
| Nombre Personal |
Velasco Aragón, Luis |
| 9 (RLIN) |
45947 |
| 700 ## - PUNTO DE ACCESO ADICIONAL--NOMBRE DE PERSONA |
| Nombre Personal |
Tapia Olarte, Eulogio |
| 9 (RLIN) |
32463 |
| 700 ## - PUNTO DE ACCESO ADICIONAL--NOMBRE DE PERSONA |
| Nombre Personal |
Cornejo Bouroncle, Jorge |
| 9 (RLIN) |
15278 |
| 700 ## - PUNTO DE ACCESO ADICIONAL--NOMBRE DE PERSONA |
| Nombre Personal |
Pardo, Luis A |
| 9 (RLIN) |
25736 |
| 700 ## - PUNTO DE ACCESO ADICIONAL--NOMBRE DE PERSONA |
| Nombre Personal |
Navarro del Águila, Víctor |
| 9 (RLIN) |
32360 |
| 700 ## - PUNTO DE ACCESO ADICIONAL--NOMBRE DE PERSONA |
| Nombre Personal |
Delgado Vivanco, Edmundo |
| 9 (RLIN) |
25661 |
| 700 ## - PUNTO DE ACCESO ADICIONAL--NOMBRE DE PERSONA |
| Nombre Personal |
Pérez Ocampo, Gustavo |
| 9 (RLIN) |
46812 |
| 942 ## - ELEMENTOS DE PUNTO DE ACCESO ADICIONAL (KOHA) |
| Fuente de clasificación |
|
| Tipo de item |
Revistas cusqueñas |
| 945 ## - PROCESAMIENTO DE INFORMACIÓN LOCAL (OCLC) |
| Catalogador |
rac |